Prakticko-teologické aspekty mezilidské komunikace /

Hlavní autor: Liguš, Ján, 1941-
Další autoři: Bravená, Noemi, 1976-, Dřímal, Ludvík, 1956-, Kolář, Pavel, 1975-, Špačková, Alena, 1958-, Pivarč, Jakub, Flam, Jiří
Jazyk: Čeština
Vydáno: Sokolov : Flavia Viera, 2019
Vydání: Vydání první
Témata:
Fyzický popis: 185 stran ; 25 cm
Language note: Anglické resumé
Knihy
Uloženo v:
LEADER 02669nam a2200637 i 4500
001 nkc20193102711
003 CZ PrNK
005 20220124075400.0
007 ta
008 190614s2019 xr f 001 0 cze
015 |a cnb003102711 
020 |a 978-80-904954-4-9  |q (brožováno) 
035 |a (OCoLC)1200248409 
040 |a ABA001  |b cze  |e rda 
041 0 |a cze  |b eng 
072 7 |a 316.4/.7  |x Sociální interakce. Sociální komunikace  |2 Konspekt  |9 18 
080 |a 316.772.4  |2 MRF 
080 |a 001.2  |2 MRF 
080 |a 2-1  |2 MRF 
080 |a 316.772.2  |2 MRF 
080 |a 316.77:27-7  |2 MRF 
080 |a (082)  |2 MRF 
100 1 |a Liguš, Ján,  |d 1941-  |7 jo20010088890  |4 aut 
245 1 0 |a Prakticko-teologické aspekty mezilidské komunikace /  |c Ján Liguš, Noemi Bravená, Ludvík Dřímal, Pavel Kolář, Alena Špačková, Jakub Pivarč, Jiří Flam 
250 |a Vydání první 
264 1 |a Sokolov :  |b Flavia Viera,  |c 2019 
300 |a 185 stran ;  |c 25 cm 
336 |a text  |b txt  |2 rdacontent 
337 |a bez média  |b n  |2 rdamedia 
338 |a svazek  |b nc  |2 rdacarrier 
504 |a Obsahuje bibliografii, bibliografické odkazy a rejstřík 
546 |a Anglické resumé 
650 0 7 |a interpersonální komunikace  |7 ph121153  |x mezioborový kontext  |2 czenas 
650 0 7 |a interpersonální komunikace  |7 ph121153  |x náboženské aspekty  |2 czenas 
650 0 7 |a verbální komunikace  |7 ph116565  |x mezioborový kontext  |2 czenas 
650 0 7 |a verbální komunikace  |7 ph116565  |x náboženské aspekty  |2 czenas 
650 0 7 |a církevní komunikace  |7 ph384543  |2 czenas 
650 0 9 |a interpersonal communication  |x interdisciplinary context  |2 eczenas 
650 0 9 |a interpersonal communication  |x religious aspects  |2 eczenas 
650 0 9 |a verbal communication  |x interdisciplinary context  |2 eczenas 
650 0 9 |a verbal communication  |x religious aspects  |2 eczenas 
650 0 9 |a church communication  |2 eczenas 
655 7 |a sborníky  |7 fd163935  |2 czenas 
655 9 |a papers of several authors  |2 eczenas 
700 1 |a Bravená, Noemi,  |d 1976-  |7 mzk2007430824  |4 aut 
700 1 |a Dřímal, Ludvík,  |d 1956-  |7 jo20010088856  |4 aut 
700 1 |a Kolář, Pavel,  |d 1975-  |7 ola2015855091  |4 aut 
700 1 |a Špačková, Alena,  |d 1958-  |7 jo20000080244  |4 aut 
700 1 |a Pivarč, Jakub  |7 jo2013750805  |4 aut 
700 1 |a Flam, Jiří  |7 jo20201074460  |4 aut 
910 2 |a BOA001  |b 2-1454.925 
990 |a BK 
995 |a 01 
991 |b 202011  |c NOV 
996 6 |b 2610842314  |c 2-1454.925  |l MZK  |r Sklad / do 1 hodiny  |n 0  |p p.v.  |w 001831163  |u 000010  |a 1  |e BOA001  |j MZK50  |s P 
996 7 |b 2610892991  |c 2-1454.925  |l Vol.výběr  |r VV 0p  |n 0  |p dar  |h 316.4/.7 LIG  |w 001831163  |u 000020  |a 0  |e BOA001  |j MZK50  |s A